Library Banner

Tales of the field (Record no. 39067)

MARC details
000 -LEADER
fixed length control field 00483nam a2200181Ia 4500
001 - CONTROL NUMBER
control field 39763
008 - FIXED-LENGTH DATA ELEMENTS--GENERAL INFORMATION
fixed length control field 140423s9999 xx 000 0 und d
020 ## - INTERNATIONAL STANDARD BOOK NUMBER
International Standard Book Number 0226849627
040 ## - CATALOGING SOURCE
Transcribing agency PK-LaUMT
082 ## - DEWEY DECIMAL CLASSIFICATION NUMBER
Classification number 306
Item number VAN-T
100 ## - MAIN ENTRY--PERSONAL NAME
Personal name Van Maanen, John
245 ## - TITLE STATEMENT
Title Tales of the field
Remainder of title on writing ethnography
Statement of responsibility, etc Van Maanen, John
260 ## - PUBLICATION, DISTRIBUTION, ETC. (IMPRINT)
Place of publication, distribution, etc Chicago,USA:
Name of publisher, distributor, etc The University of Chicago Press,
Date of publication, distribution, etc 1988
300 ## - PHYSICAL DESCRIPTION
Extent 173 p.
546 ## - LANGUAGE NOTE
Language note EN
650 ## - SUBJECT ADDED ENTRY--TOPICAL TERM
Topical term or geographic name as entry element Ethnology-Authorship
942 ## - ADDED ENTRY ELEMENTS (KOHA)
Koha item type Books
Holdings
Withdrawn status Lost status Damaged status Not for loan Home library Current library Date acquired Total Checkouts Full call number Barcode Date last seen Date checked out Price effective from Koha item type
        UMT Main Campus UMT Main Campus 2014-04-23 2 306 VAN-T 42720 2016-12-08 2016-11-25 2014-05-05 Books